|
|
แสดงรายละเอียดบรรณานุกรม |
|
|
Brief Record
: Get Marc (ISO 2709)
: E-mail record
: |
| LEADER 00000nama 2200000uu 4500 | |||
| 008 040531s|||| th m m a000 0 tha d | |||
| 020 978-974-10-1693-8 | |||
| 041 tha | |||
| 050 อ W20.55.H9 ร451 2551 | |||
| 100 วิชัย โชควิวัฒน. | |||
| 245 รายงานเบลมองตื = The Belmont report/วิชัย โชควิวัฒน. | |||
| 260 กรุงเทพฯ. สำนักงานกิจการโรงพิมพ์ องค์การสงเคราะห์ทหารผ่านศึก. 2551. | |||
| 300 37 หน้า. | |||
| 500 หนังสือบริจาค. | |||
| 600 1.ทิพิชา โปษยานนท์. | |||
| 650 1.มนุษย์วิจัยจรรยาบรรณ 2.การทดลองในมนุษย์(แพทยศาสตร์)--จรรยาบรรณ | |||
| 995 002 | |||
| คุณยังไม่ได้ล็อกอิน คุณสามารถมีกิจกรรมร่วมกับเว็บไซต์ได้ แต่ต้องล็อกอินก่อน :: |
|
| สถานะ | |||||||||
| 1. | หนังสือทั่วไป | อ W20.55.H9 ร451 2551 | On Shelf ขอยืม | ||||||
| [แสดง 1/1 รายการ] | |||||||||
| รายการใกล้เคียง ผู้แต่ง [วิชัย โชควิวัฒน.] |
BibComment |
| คอมเมนท์ทรัพยากรรายการนี้ |
|
|